|
|
|
|
| LEADER |
01489nam a22002657a 4500 |
| 001 |
33421 |
| 003 |
BD-DhAAL |
| 005 |
20250623160054.0 |
| 008 |
180718t1997 xxua|||| b||| 001 0 ben d |
| 020 |
|
|
|a 8186551123
|
| 040 |
|
|
|a BD-DhAAL
|d BD-DhAAL
|
| 041 |
|
|
|a ben
|h eng
|
| 082 |
|
|
|a 891.4
|
| 100 |
|
|
|a সেন, প্রবোধ চন্দ্র.
|9 27543
|
| 245 |
|
|
|a ধর্মবিজয়ী অশোক /
|c প্রবোধ চন্দ্র সেন.
|
| 260 |
|
|
|a কলকাতা :
|b বৌদ্ধ ধর্মাঙ্কুর সভা (বেঙ্গল বুদ্ধিস্ট আ্যসোসিয়েশন),
|c ১৯৯৭ (দ্বিতীয় মুদ্রণ ).
|
| 300 |
|
|
|a ৯৯ পৃষ্ঠা :
|b চিত্র, মানচিত্র ;
|c ২৩ সে. মি.
|
| 504 |
|
|
|a গ্রন্থপঞ্জিগত নির্দেশিকা ও নিঘন্ট অন্তভূক্ত([89] - [90])
|
| 526 |
|
|
|a ARC
|
| 541 |
|
|
|a Department of Architecture
|e 33421
|
| 650 |
|
|
|a Indic literature.
|9 27544
|
| 852 |
|
|
|a Department of Architecture
|c General Stacks
|
| 942 |
|
|
|2 ddc
|c BK
|
| 999 |
|
|
|c 39860
|d 39860
|
| 952 |
|
|
|0 0
|1 1
|2 ddc
|4 0
|6 891_400000000000000_SEN
|7 0
|9 63866
|a ARC
|b ARC
|c GEN
|d 2018-07-18
|e Department of Architecture
|l 0
|o 891.4 SEN
|p 3010033421
|r 2018-07-18
|t 1
|w 2018-07-18
|y BK
|x lost from the ARC department library and approved by the Dean (reasons personal books withdrawn by Hasibul Kabir Sir and Building shifting)
|